00417nam a22001337a 450000500170000000800410001704100130005808200130007110000130008424500450009726000860014230000290022865000260025720240515090709.0240515b |||||||| |||| 00| 0 eng d aEnglish  a349 LAW  lEnglish  aThe Law Reports: Queen's Bench Division  aLondon: bThe Incorporated Council of Law Reporting for England and Wales, c1904 bxxv, 862 pages; c25 cm. aLegal practice bLaw